000 00454nam a22001817a 4500
003 MPLRDC
005 20220104192549.0
008 210129b ||||| |||| 00| 0 eng d
020 _a978-7-80688-867-4
082 _a177.2 VUJ
100 _aNICK VUJICIC
245 _a永不止步
_c刘琨 译
250 _a一版一刷
260 _a中国
_b天津社会科学院出版社
_c2013
300 _b
650 _a成功法
942 _cBK
_o177.2 VUJ
999 _c64778
_d64768